| 000 | 00558nam a2200217 a 4500 | ||
|---|---|---|---|
| 001 | 0001-2129 | ||
| 003 | ELIB.Books | ||
| 008 | 190724 2010 eng | ||
| 020 | _a1881273652 | ||
| 092 |
_a268.432 _bCha |
||
| 100 | _aChapman, Gary. | ||
| 245 | _aThe Five Love Languages of Children | ||
| 260 |
_aChicago _bNorthfield Publishing _c2005 |
||
| 300 |
_a212 _c23cm |
||
| 650 | _aChildren | ||
| 856 |
_nKBTS Library _uKBTS Elib |
||
| 942 |
_2ddc _cBK |
||
| 990 | _a1 | ||
| 998 |
_aEnglishbooks.elf _ccat _e2019-07-24 |
||
| 999 |
_c12129 _d12129 |
||